Famous Fictional Duos Quiz Stats

 Plays Quiz Updated Jun 22, 2014

Support Sporcle.
Go Orange.
Score 0/28 Timer 03:00
8 Plays Today
% Correct
Hansel
98.9%
Batman
98.1%
Romeo
98.1%
Tarzan
97.9%
Tweedledee
98%
Lilo
96.9%
Sherlock Holmes
96%
Mario
95.6%
Tom
95.6%
Woody
95.2%
Bert
95.1%
Thelma
94.2%
Beavis
93.4%
Timon
92.1%
% Correct
Starsky
91.4%
Will
90.8%
Wallace
90.2%
Phineas
89.8%
Mork
88%
Rocky
87.8%
Rosencrantz
87.1%
Calvin
86.5%
Frodo
86.2%
Laverne
86.1%
Harold
85.5%
Ren
85.3%
Lloyd Christmas
82.3%
Turk
73%

You're not logged in!

Compare scores with friends on all Sporcle quizzes.
OR
Log In

From the Vault

9 to 1 Border Challenge

by manonthemoon

Whether they have 9 borders or 1 border, these countries know what it means to have a neighbor.
Remove Ads.
Support Sporcle.
Get the best of Sporcle when you Go Orange. This ad-free experience offers more features, more stats, and more fun while also helping to support Sporcle. Thank you for becoming a member.

Show Comments

Extras

Top Quizzes Today


Score Distribution

Your Account Isn't Verified!

In order to create a playlist on Sporcle, you need to verify the email address you used during registration. Go to your Sporcle Settings to finish the process.

Report this User

Report this user for behavior that violates our Community Guidelines.

Details: